000 00320nam a22001217a 4500
008 180421b xxu||||| |||| 00| 0 eng d
041 _aeng
080 _a043.3
100 _a0
101 _aSHKI-MA
245 _aERP (Enterprise Resource Planning)System Emphasis on Microsoft Dynamic NAV
_cMurtezaj, F
942 _2udc
_cBK
999 _c45402
_d45402